| 000 | 00750nam a2200193 i 4500 | ||
|---|---|---|---|
| 001 | 23098 | ||
| 003 | ES-MaACL | ||
| 005 | 20251012063037.0 | ||
| 008 | 021209s1974 sp f |||| | spa d | ||
| 100 | 1 |
_aAlmuiña, Celso, _d1943- _920165 |
|
| 245 | 1 | 0 |
_aTeatro y cultura en el Valladolid de la Ilustración _b: los medios de difusión en la segunda mitad del XVIII / _cCelso Almuiña Fernández ; prólogo de L.M. Enciso Recio. |
| 260 |
_aValladolid : _b[Ayuntamiento de Valladolid], _c1974. |
||
| 300 |
_aXXXII, 245 p., 5 lám. ; _c25 cm. |
||
| 650 | 4 |
_aTeatro- _zValladolid. _9170849 |
|
| 700 | 1 |
_aEnciso Recio, Luis Miguel. _947191 |
|
| 710 | 1 |
_aValladolid. _bAyuntamiento. _97541 |
|
| 852 |
_aES-MaACL _jE-5834 |
||
| 999 |
_c23098 _d23098 |
||